Statystyki dla wszystkie państwa świata

Kliknij tutaj aby rozwiązać quiz!

Ogólne statystyki

  • Ten quiz został rozwiązany 627 razy
    (626 od ostatniego zresetowania)
  • Średni wynik to 113 z 201

Odpowiedzi na mapie

Odpowiedzi skodowane kolorowo w zielono-czerwonej skali na mapie do tego quizu, zgodnie z poniższymi procentami.
 

Statystyki odpowiedzi

Odpowiedź% Poprawnych
Stany zjednoczone
91%
kanada
90%
rosja
90%
polska
88%
Meksyk
86%
niemcy
86%
ukraina
86%
francja
85%
hiszpania
84%
czechy
83%
dania
83%
wielka brytania
83%
białoruś
82%
brazylia
82%
litwa
82%
norwegia
82%
portugalia
82%
szwecja
82%
włochy
82%
finlandia
81%
irlandia
81%
łotwa
81%
turcja
81%
argentyna
80%
belgia
80%
chiny
80%
słowacja
80%
estonia
79%
islandia
79%
Australia
78%
Austria
78%
chorwacja
78%
grecja
78%
holandia
78%
rumunia
78%
chile
77%
szwajcaria
77%
Egipt
76%
japonia
76%
indie
75%
mołdawia
75%
słowenia
75%
węgry
75%
albania
74%
Bośnia i Hercegowina
74%
Bułgaria
74%
kuba
74%
kazachstan
73%
korea północna
73%
korea południowa
73%
Arabia saudyjska
71%
Madagaskar
71%
peru
71%
serbia
71%
iran
70%
macedonia północna
70%
Maroko
70%
mongolia
70%
Republika południowej Afryki
70%
irak
69%
kosowo
69%
Niger
69%
urugwaj
69%
czarnogóra
68%
kolumbia
68%
luksemburg
67%
nowa zelandia
67%
watykan
67%
Dominika
66%
indonezja
66%
Nigeria
66%
Algieria
65%
Demokratyczna republika konga
65%
Izrael
65%
wenezuela
65%
cypr
64%
filipiny
63%
gruzja
63%
oman
63%
pakistan
63%
Dominikana
62%
ekwador
62%
katar
62%
tajlandia
62%
boliwia
61%
Kongo
61%
Wietnam
61%
Libia
60%
paragwaj
60%
san marino
60%
Tunezja
60%
malta
59%
panama
59%
Zjednoczone emiraty arabskie
59%
Afganistan
58%
jemen
58%
Azerbejdżan
57%
czad
57%
Somalia
57%
uzbekistan
57%
andora
56%
armenia
56%
Sudan
56%
Etiopia
55%
haiti
55%
liechtenstein
55%
monako
55%
nepal
55%
turkmenistan
55%
bangladesz
54%
Kenia
54%
Kirgistan
54%
kostaryka
53%
Papua-Nowa Gwinea
53%
Senegal
53%
sri lanka
53%
syria
53%
tadżykistan
53%
gujana
52%
Gwinea
52%
jamajka
52%
Angola
51%
malezja
51%
kambodża
50%
laos
50%
wybrzeże kości słoniowej
50%
honduras
49%
jordania
49%
liban
48%
Sudan południowy
48%
Mali
47%
Ghana
46%
Gwatemala
46%
Nikaragua
46%
Salwador
46%
surinam
46%
Zambia
46%
Bhutan
45%
wyspy świętego Tomasza i książęca
45%
Bahamy
44%
Kamerun
44%
Mauretania
44%
Belize
43%
kuwejt
43%
Republika zielonego przylądka
43%
Tanzania
43%
Zimbabwe
43%
malediwy
42%
Mozambik
42%
birma
41%
Botswana
41%
Erytrea
41%
Lesotho
41%
Gwinea Równikowa
40%
Togo
40%
Fidżi
39%
mikronezja
39%
Namibia
39%
Uganda
39%
wyspy marshalla
39%
Republika środkowoafrykańska
38%
singapur
38%
liberia
37%
Seszele
37%
Gabon
36%
Benin
35%
Burkina faso
35%
Eswatini
35%
Gambia
35%
Rwanda
35%
Gwinea Bissau
34%
wyspy salomona
34%
Bahrajn
33%
Dżibuti
33%
Trynidad i tobago
33%
Burundi
32%
Mauritius
32%
palau
32%
Barbados
31%
kiribati
31%
komory
31%
Malawi
31%
nauru
31%
Sierra Leone
31%
timor wschodni
31%
Saint lucia
29%
vanuatu
28%
brunei
27%
Saint Kitts i Nevis
26%
tuvalu
26%
samoa
25%
Grenada
24%
Saint Vincent i Grenadyny
23%
taiwan
23%
tonga
23%
abchazja
7%
Sahara zachodnia
7%
górski karabach
5%
Antigua i barbadua
3%
osetia południowa
2%

Rozkład punktacji

Percentyl według liczby udzielonych odpowiedzi

Procent ludzi z każdym wynikiem

Twoja historia wyników

Nie rozwiązałeś tego quizu od ostatniego zresetowania